States With Only One Y - Statistics

General Stats
  • This quiz has been taken 49 times
  • The average score is 5 of 6
Answer Stats
States % Correct
Wyoming
91%
Kentucky
88%
New York
82%
New Jersey
79%
Maryland
76%
Pennsylvania
74%
No matching quizzes found
Score Distribution
Percent of People with Each Score
Percentile by Number Answered
Your Score History
You have not taken this quiz